MARC

LEADER 00000nam0a2200000 4500
001 309465
005 20231102002207.0
035 |a (RuTPU)RU\TPU\book\334787 
090 |a 309465 
100 |a 20151113d1981 km y0rusy50 ca 
101 0 |a rus 
102 |a RU 
105 |a y z 001zy 
200 1 |a Структурное дешифрирование при геологической съемке  |e методические рекомендации  |f Всесоюзный научно-исследовательский геологический институт (ВСЕГЕИ) ; сост. Е. С. Кутейников 
210 |a Ленинград  |c [Б. и.]  |d 1981 
215 |a 25 с. 
320 |a Библиогр.: с. 23-24 
606 1 |a Аэроснимки  |x Дешифрирование геологическое  |2 stltpush  |3 (RuTPU)RU\TPU\subj\29972  |9 53184 
610 1 |a геологическая съемка 
610 1 |a структурное дешифрирование 
610 1 |a местность 
610 1 |a фотоизображения 
610 1 |a информативность 
610 1 |a разрывные нарушения 
610 1 |a складчатые нарушения 
610 1 |a кольцевые структуры 
610 1 |a опыт 
610 1 |a методические рекомендации 
675 |a 550.814  |v 4 
702 1 |a Кутейников  |b Е. С.  |4 220 
712 0 2 |a Всесоюзный научно-исследовательский геологический институт (ВСЕГЕИ)  |c (Ленинград)  |c (1939-1992)  |2 stltpush  |3 (RuTPU)RU\TPU\col\11367 
801 1 |a RU  |b 63413507  |c 20151113 
801 2 |a RU  |b 63413507  |c 20180912  |g RCR 
942 |c BK